000
00177nam a2200073Ia 4500
008
170817s9999 xx 000 0 und d
100
_a
TRIPATHI MADHUSUDAN
245
0
_a
SHIKSHA ANUSANDHAN
260
_b
OMAGA PUB.
999
_c
37470
_d
37470